A carregar...
Innovations in feminist psychological research /
| Outros Autores: | , |
|---|---|
| Formato: | Printed Book |
| Publicado em: |
Cambridge, England ; New York :
Cambridge University Press,
1999.
|
| Assuntos: | |
| Acesso em linha: | http://www.loc.gov/catdir/description/cam0210/99088421.html http://www.loc.gov/catdir/toc/cam028/99088421.html |
| LEADER | 00885cam a22002174a 4500 | ||
|---|---|---|---|
| 999 | |c 241817 |d 241817 | ||
| 020 | |a 0521786401 | ||
| 082 | 0 | 0 | |a 155.3/33/072 |b INN |
| 245 | 0 | 0 | |a Innovations in feminist psychological research / |c Ellen B. Kimmel and Mary Crawford, editors. |
| 260 | |a Cambridge, England ; |a New York : |b Cambridge University Press, |c 1999. | ||
| 300 | |a xi, 457 p. ; | ||
| 504 | |a Includes bibliographical references and index. | ||
| 650 | 0 | |a Psychology | |
| 650 | 0 | |a Psychology, Experimental. | |
| 650 | 0 | |a Feminist psychology. | |
| 700 | 1 | |a Kimmel, Ellen B., | |
| 700 | 1 | |a Crawford, Mary | |
| 856 | 4 | 2 | |u http://www.loc.gov/catdir/description/cam0210/99088421.html |
| 856 | 4 | 1 | |u http://www.loc.gov/catdir/toc/cam028/99088421.html |
| 942 | |c BK | ||
| 952 | |0 0 |1 0 |4 0 |6 155_300000000000000_33_072_INN |7 0 |9 256662 |a DFS |b DFS |d 2019-12-18 |l 0 |o 155.3/33/072 INN |p DFS2853 |r 2019-12-18 |w 2019-12-18 |y BK | ||